000 00848cab a2200265 4500
001 ABS55280
008 090401t1996 xxu||||| |||| 00| 0 eng d
035 _a(Sirsi) u15412
041 _aeng
100 _aKnowles, R.
245 _aRight of appeal from arbitration award is now automatic
260 _c1996
350 _a0
490 _aCSM (Chartered Surveyor Monthly)
_v5(9) June 1996, 36(1)
520 _aReviews "Vascroft (Contractors) Ltd v Seeboard Ltd" which illustrates that even the most carefully drafted contracts can be disputed.
650 _aARBITRATION ACT 1979
650 _aDOM1
650 _aDOM/2
650 _aPRACTICAL COMPLETION
650 _aSUBCONTRACTS
650 _aVASCROFT (CONTRACTORS) LTD V SEEBOARD LTD
690 _aBUILT ENVIRONMENT-BUILDING CONTRACT FORMS
942 _n0
948 _c04/03/1997
999 _c10105
_d10105